000 00264nam a2200109 a 4500
005 20140414132109.0
008 110115s19uu xx 00 eng d
050 _aER
_bC61 2005
100 _aDenega, Daniel
245 _aClifford's chrismas angel.
999 _c114695
_d114695